000 00984cam a2200205 4500
001 WB3810-10
008 020314n2002 000 0 eng u
035 _a(Sirsi) u117128
245 _aKyoto Protocol delivered to UK
260 _c2002
490 _aDEFRA News Release
_v(88/02) 7 March 2002, (3)
520 _aEnvironment Secretary Margaret Beckett has presented the Kyoto Protocol to parliament to officially push forward the UK's ratification process. Under Kyoto the UK will be bound by its target to reduce greenhouse gas emissions by 12.5% below 1990 levels in 2008-12. The European Community made the decision to ratify the Kyoto Protocol on 4 March 2002. http://www.defra.gov.uk/news/2002/020307a.htm
590 _aWB
650 _aKYOTO PROTOCOL TO THE UNITED NATIONS FRAMEWORK CONVENTION ON CLIMATE CHANGE
650 _aCLIMATE CHANGE
650 _aGREENHOUSE GAS EMISSIONS
650 _aTARGETS
690 _aENVIRONMENTAL AND LAND CONSULTANCY
942 _n0
999 _c69782
_d69782